Statistics for Halo 2 Campaign Missions

Click here to take the quiz!

General Stats

  • This quiz has been taken 34 times
  • The average score is 11 of 15

Answer Stats

Answer% Correct
Gravemind
94%
Delta Halo
87%
Outskirts
87%
Cairo Station
84%
The Arbiter
84%
Metropolis
81%
The Heretic
81%
High Charity
77%
Regret
74%
The Great Journey
74%
Quarantine Zone
71%
Sacred Icon
65%
The Armory
65%
The Oracle
65%
Uprising
58%

Score Distribution

Percentile by Number Answered

Percent of People with Each Score

Your Score History

You have not taken this quiz